Normal view
MARC view
Entry Personal Name
001 - CONTROL NUMBER
- control field: 12663
003 - CONTROL NUMBER IDENTIFIER
- control field: dpl
005 - DATE AND TIME OF LATEST TRANSACTION
- control field: 20100813142442.0
008 - FIXED-LENGTH DATA ELEMENTS
- fixed length control field: 100813|||a|||||| | ||| d
040 ## - CATALOGING SOURCE
- Original cataloging agency: dpl
- Transcribing agency: dpl
100 ## - HEADING--PERSONAL NAME
- Personal name: देवदास 'बिस्मिल'
670 ## - SOURCE DATA FOUND
- Source citation: Work cat.: (dpl): देवदास 'बिस्मिल', दरख़्तों के लम्बे होते साये /, 2009
670 ## - SOURCE DATA FOUND
- Source citation: Work cat.: (dpl): देवदास 'बिस्मिल', दरख़्तों के लम्बे होते साये /, 2009
